000 00647naa a2200217 i 4500
001 30517
003 ES-MaBCM
005 20241016095055.0
008 940623s1994 esp 000 0 spa d
021 _axx
035 _a(OCoLC)1365220208
040 _cES-MaBCM
041 0 _aspa
043 _aesp
245 0 3 _aEl derecho financiero
_b: su autonomía y finalidad
520 _aContiene varios artículos bajo el mismo título.
650 2 7 _aDerecho financiero
_958325
651 2 4 _aEspaña
_9115342
773 0 _aEn:
_tAnuario jurídico y económico escurialense
_dMadrid : 1994
_w104859
_gn. XXVII, p. 11-109. - Loc. S.266
942 _cAREV
999 _c30517
_d30517